00881cam a22002411 450000100060000000300080000600500170001400800410003103500190007203500190009104000440011004100080015408200200016210000340018224500680021626000700028430000370035450001330039150400410052465000270056565100240059265100230061624330BD-RjUL20211209001034.0140313r19591951inuab b 001 0 eng d a(BD-RjUL)24396 a(OCoLC)3532019 aDLCcICdOCoLCdNAlUdDLCdBD-RjULbeng aeng00a913.3bFRB 19591 aFrankfort, Henri,d1897-1954.14aThe birth of civilization in the Near East /c Henri Frankfort, aBloomington :bIndiana University Press,c1951. [Imprission 1959] a116 p. :billus., map. ;c25 cm. a"Expanded versions of lectures delivered at Indiana University, Bloomington, in the winter of 1948-9, on the Patten Foundation." aBibliographical footnotes. and Index 0aCivilization, Ancient. 0aEgyptxAntiquities. 0aIraqxAntiquities.